| 000 | 00903nam a2200229Ia 4500 | ||
|---|---|---|---|
| 008 | 130821s2003 ck gr spa | ||
| 020 | _a9589003869 | ||
| 040 |
_aCo-BoUCM _bspa |
||
| 041 | 0 | 0 | _aspa |
| 100 | 1 |
_aVargas Machuca, Bernardo de _cCapitán _9159453 |
|
| 245 | 1 | 0 |
_aMilicia y descripción de las Indias _cD. Bernardo de Vargas Machuca. |
| 260 |
_aBogotá (Colombia) _b[Editorial desconocida] _c2003 |
||
| 300 | _a324 páginas | ||
| 650 | 0 | 4 |
_aCiencia militar _910776 |
| 650 | 0 | 4 |
_aCiencia militar _zAmérica _xHistoria _97403 |
| 650 | 0 | 4 |
_aMilicias _zAmérica _xHistoria _919544 |
| 651 | 4 |
_aAmérica _xHistoria _926761 |
|
| 710 | 1 |
_aBanco Popular. _bFondo de Promoción de la Cultura _9159454 |
|
| 710 | 1 |
_aUniversidad de los Andes. _bCentro de Estudios Socioculturales e Internacionales.(Ceso) _9159455 |
|
| 942 |
_cLIBRO _a6 _e1 _mV297m _2DEWEY _h355.099 |
||
| 999 |
_c37606 _d37606 |
||